000 01493nam a2200409 i 4500
001 DIGHERDER0676
003 NyNyDIG
007 cr |||||||||||
008 240117s2023 sp o 000 0 spa d
006 m o d
035 _a(OCoLC)1401059450
040 _aDGITA
_beng
_erda
_epn
_cDGITA
020 _a9788425450730
_qdigital
020 _z9788425450723
050 1 4 _aB105.L45 ebook
100 1 _aBlanco, Carlos,
_d1986-
_eauthor.
245 1 3 _aEl sentido de la libertad :
_bcómo construir una autonomía responsable /
_cCarlos Blanco.
250 _a2a edición digital.
264 1 _a[Barcelona] :
_bHerder,
_c2023.
300 _a1 online resource.
336 _atext
_btxt
_2rdacontent
337 _acomputer
_bc
_2rdamedia
338 _aonline resource
_bcr
_2rdacarrier
347 _atext file
_2rdaft
347 _bEPUB
490 1 _aBiblioteca de filosofía
588 0 _aOnline resource; title from ePub title page (Digitalia, viewed January 17, 2024)
650 0 _aLiberty
_xPhilosophy.
650 0 _aAutonomy (Philosophy)
791 2 _aDigitalia (Firm),
_edistributor.
793 0 _gDigitalia eBook Collection:
_aHerder Editorial
776 0 8 _iPrint version:
_aBlanco, Carlos, 1986-
_tSentido de la libertad.
_d[Barcelona] : Herder, [2023]
_z9788425450723
830 0 _aBiblioteca de filosofía (Barcelona, Spain)
856 4 0 _3Digitalia Hispánica
_uhttps://www.digitaliapublishing.com/a/133101/
910 _aPremium collection: 2024
942 _cRAA
999 _c282322
_d282322